| 000 | 00611nam a2200217Ia 4500 | ||
|---|---|---|---|
| 005 | 20231211105702.0 | ||
| 008 | 131103s9999 xx 000 0 und d | ||
| 020 |
_a749315253 _cGBP: 2.99 |
||
| 040 | _aLoreto College | ||
| 041 | _aEnglish | ||
| 082 |
_a425 _bKIN |
||
| 100 | _aKing,Graham | ||
| 245 |
_aSpell Check, _b _cGraham King |
||
| 250 | _a1000 most misspelled words | ||
| 260 |
_aGreat Britain _bMandarin In Association with the Sunday Times _c1994 |
||
| 300 | _a69 p. | ||
| 440 | _aOne Hour Word Power Series | ||
| 650 | _aCommunicative English - Spelling | ||
| 850 | _aLCLIB | ||
| 942 | _cBK | ||
| 999 |
_c6421 _d56900 |
||